Catálogo de la Biblioteca Horacio González - Universidad Nacional de General Sarmiento

Mimí metalúrgico (Registro nro. 53851)

Detalles MARC
000 -CABECERA
campo de control de longitud fija 01607ngm a22003730a 4500
001 - NÚMERO DE CONTROL
campo de control PT44193
003 - IDENTIFICADOR DEL NÚMERO DE CONTROL
campo de control AR-LpoUNG
005 - FECHA Y HORA DE LA ÚLTIMA TRANSACCIÓN
campo de control 20210201235945.0
007 - CAMPO FIJO DE DESCRIPCIÓN FÍSICA--INFORMACIÓN GENERAL
campo de control de longitud fija vd cvaizq
008 - DATOS DE LONGITUD FIJA--INFORMACIÓN GENERAL
campo de control de longitud fija 191001s[197||||ag |||||||||||||||||ita d
040 ## - FUENTE DE LA CATALOGACIÓN
Centro catalogador/agencia de origen AR-LpoUNG
Lengua de catalogación spa
Centro/agencia transcriptor AR-LpoUNG
Normas de descripción aacr
041 ## - CÓDIGO DE LENGUA
Código de lengua del texto/banda sonora o título independiente ita
044 ## - CÓDIGO DEL PAÍS DE LA ENTIDAD EDITORA/PRODUCTORA
Código MARC del país ag
082 0# - NÚMERO DE LA CLASIFICACIÓN DECIMAL DEWEY
Número de clasificación 302.54 433mim
100 1# - ENTRADA PRINCIPAL--NOMBRE DE PERSONA
Nombre de persona Wertmüller, Lina
Término indicativo de función/relación dir.
245 10 - MENCIÓN DE TÍTULO
Título Mimí metalúrgico
260 ## - PUBLICACIÓN, DISTRIBUCIÓN, ETC.
Lugar de publicación, distribución, etc. Buenos Aires :
Nombre del editor, distribuidor, etc. Pagina 12,
Fecha de publicación, distribución, etc. [1972].
300 ## - DESCRIPCIÓN FÍSICA
Extensión DVD (105 min.) : son., col.
505 0# - NOTA DE CONTENIDO CON FORMATO
Nota de contenido con formato Hecha en 1972. - Guión: Lina Wertmüller. - Música: Piero Piccioni. - Fotografía: Dario Di Palma. - Elenco: Giancarlo Giannini, Mariangela Melato, Agostina Belli, Turi Ferro, Luigi Diberti, Elena Fiore, Tuccio Musumeci, Ignazio Pappalardo
520 ## - SUMARIO, ETC.
Sumario, etc. Luego de negarse a votar por el candidato de la mafia en su pueblo, un operario, Carmelo Mardocheo conocido como Mimi es obligado a emigrar a Torino, y dejar a su extremadamente aburrida esposa Rosalia.- Alli se enamora perdidamente de Fiore, y con ella Carmelo encuentra una nueva familia.- Tiene un niño y el dia del bautismo se produce un serio enfrentamiento en el cafe donde estan celebrando y poco tiempo despues Carmelo es transferido a Catania, a solamente unas pocas millas de su ciudad natal.-
650 #4 - PUNTO DE ACCESO ADICIONAL DE MATERIA--TÉRMINO DE MATERIA
Término de materia o nombre geográfico como elemento de entrada CONFLICTOS POLITICOS
650 #4 - PUNTO DE ACCESO ADICIONAL DE MATERIA--TÉRMINO DE MATERIA
Término de materia o nombre geográfico como elemento de entrada IDEOLOGIAS POLITICAS
650 #4 - PUNTO DE ACCESO ADICIONAL DE MATERIA--TÉRMINO DE MATERIA
Término de materia o nombre geográfico como elemento de entrada ITALIA
650 #4 - PUNTO DE ACCESO ADICIONAL DE MATERIA--TÉRMINO DE MATERIA
Término de materia o nombre geográfico como elemento de entrada POLITICA
650 #4 - PUNTO DE ACCESO ADICIONAL DE MATERIA--TÉRMINO DE MATERIA
Término de materia o nombre geográfico como elemento de entrada SOCIEDAD
650 #4 - PUNTO DE ACCESO ADICIONAL DE MATERIA--TÉRMINO DE MATERIA
Término de materia o nombre geográfico como elemento de entrada VIOLENCIA
651 #4 - PUNTO DE ACCESO ADICIONAL DE MATERIA--NOMBRE GEOGRÁFICO
Nombre geográfico Italia
653 ## - TÉRMINO DE INDIZACIÓN--NO CONTROLADO
Término no controlado CINE
653 ## - TÉRMINO DE INDIZACIÓN--NO CONTROLADO
Término no controlado CINE ITALIANO
653 ## - TÉRMINO DE INDIZACIÓN--NO CONTROLADO
Término no controlado COMEDIA
653 ## - TÉRMINO DE INDIZACIÓN--NO CONTROLADO
Término no controlado VIDEOS
905 ## - ELEMENTOS DE DATOS E LOCAL, LDE (RLIN)
a 44193
942 ## - ELEMENTOS DE PUNTO DE ACCESO ADICIONAL (KOHA)
Tipo de ítem Koha DVD
Existencias
Estado de retiro Estado de pérdida Estado dañado No para préstamo Código de colección Localización permanente Ubicación/localización actual Fecha de adquisición Total de préstamos Signatura topográfica completa Código de barras Fecha visto por última vez Fecha del último préstamo Precio válido a partir de Tipo de ítem Koha
        Colección Cine Biblioteca Universidad Nacional de General Sarmiento Biblioteca Universidad Nacional de General Sarmiento 01/02/2021 1 302.54 433mim 00052160 10/02/2025 19/12/2024 01/02/2021 DVD